Establishing law and order after conflict (Record no. 95596)
[ view plain ]
| 000 -LEADER | |
|---|---|
| fixed length control field | 01525nam a22003494a 4500 |
| 082 04 - DEWEY DECIMAL CLASSIFICATION NUMBER | |
| Classification number | 355.4/9 |
| 245 00 - TITLE STATEMENT | |
| Title | Establishing law and order after conflict |
| 260 ## - PUBLICATION, DISTRIBUTION, ETC. (IMPRINT) | |
| Place of publication | Santa Monica, CA : |
| Name of publisher | RAND, |
| Year of publication | 2005. |
| 300 ## - PHYSICAL DESCRIPTION | |
| Number of Pages | xxix, 261 p. : |
| Other physical details | ill., map. |
| 500 ## - GENERAL NOTE | |
| General note | "RAND Infrastructure, Safety, and Environment." |
| General note | "MG-374-RC"--P. [4] of cover. |
| 505 0# - FORMATTED CONTENTS NOTE | |
| Formatted contents note | Introduction -- A theory of reconstructing internal security -- Kosovo -- Afghanistan -- Iraq -- Measuring success -- Conclusion. |
| 650 #0 - SUBJECT ADDED ENTRY--TOPICAL TERM | |
| Topical Term | Law enforcement. |
| Topical Term | Criminal justice, Administration of. |
| 700 1# - ADDED ENTRY--PERSONAL NAME | |
| Personal name | Jones, Seth G., |
| 856 40 - ELECTRONIC LOCATION AND ACCESS | |
| Uniform Resource Identifier | http://site.ebrary.com/lib/rucke/Doc?id=10152593 |
No items available.
